1058 1781 1894 1382 1856 1787 1762 1286 1483 1671 1348 1572 1090 1720 1548 1759 1807 1518 1899 1595 1788 1936 1109 1285 1533 1042 1434 1392 1892 1797 1329 1046 1095 1836 1465 1748 1812 1803 1906 1515 1044 1319 1172 1003 1824 1503 1355 1289 1114 1444 1556 1832 1876 1289 1723 1220 1362 1246 1251 1598 1048 1228 1651 1855 1642 1345 1491 1566 1811 1148 1660 1301 1909 1555 1797 1235 1254 1249 1981 1671 1402 1821 1192 1260 1241 1538 1778 1923 1386 1847 1631 1027 1545 1791 1380 1148 1478 1675 1354 BCNSPRNW ULIB Ver.6.0+V

เปลี่ยนเป็นภาษาไทย

Change to English
 แสดงรายละเอียดบรรณานุกรม
  กลับหน้าหลัก

Brief Record : Get Marc (ISO 2709) : E-mail record : QR code < ปิดหน้าต่าง
LEADER : 00000nam 2200000uu 4500
001    13399125124
003     ULIB
008    160930s2553||||th 000 0 tha d
020    ^a9786167390062
090    ^aนว.^bท513ท
100    ^aเทียนธีรา
245    ^aทาสรักจำเลยใจ /^cเทียนธีรา
260    ^aกรุงเทพฯ :^bสำนักพิมพ์ ทัช,^c2553
300    ^a320 หน้า
945    ^p210^l0^i001359
999    ^aณรีรัตน์ วารุกา
รายการนี้ยังไม่มีแท็ก
คุณยังไม่ได้ล็อกอิน คุณสามารถมีกิจกรรมร่วมกับเว็บไซต์ได้ แต่ต้องล็อกอินก่อน ::
  ล็อกอิน

รายการสื่อสารสนเทศ

ลำดับที่ ประเภท เลขเรียก/บาร์โค้ด สถานที่ สถานะ
1. นวนิยาย
นวนิยาย
นว. ท513ท ฉ.1 
  Barcode: 001359
ห้องสมุดวิทยาเขตนครสวรรค์
►นวนิยาย:l:Fiction
บนชั้น

BibComment


ยังไม่เคยถูกคอมเมนท์

คอมเมนท์ทรัพยากรรายการนี้
  คอมเมนท์: ทาสรักจำเลยใจ ..


 Copyright 2026. Bcnsprnw @Library